| 000 | 00000nam##2200000za#4500 |
| 001 | 9.681765 |
| 003 | CaOODSP |
| 005 | 20200330071829 |
| 007 | ta |
| 008 | 150407|2002||||xxc||||| f|0| 0 fre|d |
| 020 | |a0-660-96604-2 |
| 040 | |aCaOODSP|bfre |
| 043 | |an-cn--- |
| 086 | 1 |aF2-166/2002F |
| 110 | 1 |aCanada. |bMinistère des finances. |
| 245 | 10|aPropositions législatives concernant la Loi sur la taxe d'accise : |bavis de motion de voies et moyens et notes explicatives / |cPubliées par le ministre des Finances, Paul Martin. |
| 260 | |aOttawa - Ontario : |bFinances Canada |c2002. |
| 300 | |a70p. ; |c23 cm. |
| 563 | |aCouverture souple |
| 590 | |a02-08|b2002-02-22 |
| 691 | 07|aTarif douanier|2gcpds |
| 691 | 07|aLégislation|2gcpds |
| 720 | 1 |aMartin, Paul |
| 775 | 08|tLegislative proposals relating to the Excise Tax Act : |w(CaOODSP)9.648474 |
| 776 | 0#|tPropositions législatives concernant la Loi sur la taxe d'accise : |w(CaOODSP)9.640583 |